000 00553nam a2200193Ia 4500
005 20250508160556.0
008 008 250505s9999 xx 000 0 eng d
037 _aTextual
040 _aFEDL
_beng
_cFEDL
041 _aeng
_2eng
084 _a153.15, MYE
_qFEDL
100 _aMyers Patricia I.
_9768830
245 0 _aMethods for learning disorders
260 _aNew York, USA
_bJohn Wiley and Sons
_c1969
300 _axii,313p
700 _a Hammill Donald D.
_9768831
942 _cTEXL
_h153.15, MYE
999 _c1365413
_d1365413